000 00352nam a22001457a 4500
003 OSt
005 20160727222338.0
008 160617b xxu||||| |||| 00| 0 eng d
040 _cTEST
100 _912
_aCuddly Duck
245 _aLittle FireTruck
_bF.D.I
260 _aChina
_bThe Clever Factory
_c2002
300 _aLittle FireTruck: F.D.I
942 _2ddc
_cBK
999 _c12
_d12